000 01031nam a22003137a 4500
001 7650
003 FISKH
005 20250826093244.0
008 250729b cb ||||| |||| 00| 0 eng d
020 _a0590489925
040 _aFISKH
_beng
_cFISKH
_dFISKH
050 _aPZ7.B93739 G
082 _a516.15
100 _aBurns, Marilyn
245 _aThe greedy triangle /
_cWritten By Marilyn Burns : Illustrated by Gordon Silveria
260 _aNew York :
_bScholastic ,
_c1994.
300 _a32 unnumbered pages :
_bcolor illustrations ;
_c27 cm .
490 _aBrainy Day Books
505 _aM
520 _aDissatisfied with its shape, a triangle keeps asking the local shapeshifter to add more lines and angles until it doesn't know which side is up.
521 8 _a530
_bLexile estimate
521 8 _aM
_bRaz-Plus
650 _aMaths
_vFiction
650 _aShapes
_vFiction
650 _aTriangles
_vFiction
700 _aSilveria, Gordon
_eIllustator
942 _2ddc
_cBK
_n0
999 _c7650
_d7650